| 000 | 00630nam a2200229 a 4500 | ||
|---|---|---|---|
| 001 | 76506 | ||
| 003 | BD-RjUL | ||
| 005 | 20211209082843.0 | ||
| 008 | 191212r19541936enk 00011 eng d | ||
| 035 | _a(BD-RjUL)76729 | ||
| 035 | _a977430 | ||
| 040 |
_aANL _beng _dSUA _cBD-RjUL |
||
| 041 | _aeng | ||
| 082 | 0 |
_223 _a799.29676 _bHEG 1954 |
|
| 100 | 1 |
_aHemingway, Ernest, _d1899-1961. _9236418 |
|
| 245 | 1 | 0 |
_aGreen hills of Africa / _cby Ernest Hemingway. |
| 260 |
_aLondon : _bCape, _c1936 [reprinting 1954] |
||
| 300 |
_a284 p. : _bill. ; _c21 cm. |
||
| 650 | 0 |
_aHunting _zKenya. _9236419 |
|
| 942 |
_2ddc _cBK |
||
| 999 |
_c76506 _d76506 |
||